<?xml version="1.0" encoding="UTF-8"?>
<record
    xmlns:xsi="http://www.w3.org/2001/XMLSchema-instance"
    xsi:schemaLocation="http://www.loc.gov/MARC21/slim http://www.loc.gov/standards/marcxml/schema/MARC21slim.xsd"
    xmlns="http://www.loc.gov/MARC21/slim">

  <leader>01769nam a2200241Ia 4500</leader>
  <controlfield tag="001">b6495-46458 </controlfield>
  <controlfield tag="003">IT-MiCISF</controlfield>
  <controlfield tag="005">20240912161440.0</controlfield>
  <controlfield tag="008">161014s9999||||xx |||||||||||||| ||und||</controlfield>
  <datafield tag="040" ind1=" " ind2=" ">
    <subfield code="a">IT-MiCISF</subfield>
    <subfield code="c">IT-MiCISF</subfield>
  </datafield>
  <datafield tag="041" ind1=" " ind2=" ">
    <subfield code="a">it</subfield>
  </datafield>
  <datafield tag="100" ind1=" " ind2=" ">
    <subfield code="a">Boffi Pietro (a cura di)</subfield>
    <subfield code="9">59835</subfield>
  </datafield>
  <datafield tag="245" ind1=" " ind2="0">
    <subfield code="a">Convivenze e matrimonio cristiano.</subfield>
    <subfield code="b">Tra realismo e annuncio di fede</subfield>
  </datafield>
  <datafield tag="260" ind1=" " ind2=" ">
    <subfield code="a"> Milano,</subfield>
    <subfield code="b">Paoline,</subfield>
    <subfield code="c">2009</subfield>
  </datafield>
  <datafield tag="300" ind1=" " ind2=" ">
    <subfield code="a">pp. 132</subfield>
  </datafield>
  <datafield tag="500" ind1=" " ind2=" ">
    <subfield code="a"> / convivenza, matrimonio-sacramento, pastorale-familiare /</subfield>
  </datafield>
  <datafield tag="520" ind1=" " ind2=" ">
    <subfield code="a"> Il fenomeno delle convivenze, pone alla Chiesa una questione tipicamente pastorale. Come immaginare una pratica pastorale che sappia tenere conto della posta in gioco, senza sacrificare nessuno dei valori che dicono l'identit&#xE0; cristiana e ne custodiscono la fede? Il libro fornisce le coordinate principali e qualche utile indicazione pratica, perch&#xE9; gli operatori pastorali possano affrontare con equilibrio i delicati problemi che la presenza di coppie gi&#xE0; conviventi pone alla dinamica dei corsi prematrimoniali, rifuggendo i due estremi: un atteggiamento di condanna e rifiuto o una accettazione silenziosa del dato di fatto.Viene innanzitutto tracciato il profilo sociologico delle motivazioni dei conviventi (F. Belletti); vengono quindi fornite le coordinate teologiche ed ecclesiali (A. Fumagalli). Sono poi proposte alcune piste per presentare l'annuncio cristiano sulla sessualit&#xE0;, l'affettivit&#xE0;, la corporeit&#xE0; (G. Grandis). Infine una serie di suggerimenti per un pi&#xF9; efficace "accompagnamento" dei conviventi (L. Bressan).</subfield>
  </datafield>
  <datafield tag="650" ind1=" " ind2=" ">
    <subfield code="a">Matrimonio</subfield>
    <subfield code="e">012</subfield>
  </datafield>
  <datafield tag="654" ind1=" " ind2=" ">
    <subfield code="a">saggio</subfield>
  </datafield>
  <datafield tag="700" ind1=" " ind2=" ">
    <subfield code="a">Anfossi G., Belletti F., Bressan L., Fumagalli A., Grandis G., Nicolli S.</subfield>
    <subfield code="9">60550</subfield>
  </datafield>
  <datafield tag="942" ind1=" " ind2=" ">
    <subfield code="c">BK</subfield>
    <subfield code="2">ddc</subfield>
  </datafield>
  <datafield tag="999" ind1=" " ind2=" ">
    <subfield code="c">210544</subfield>
    <subfield code="d">210544</subfield>
  </datafield>
  <datafield tag="999" ind1=" " ind2=" ">
    <subfield code="b">si</subfield>
  </datafield>
  <datafield tag="952" ind1=" " ind2=" ">
    <subfield code="0">0</subfield>
    <subfield code="1">0</subfield>
    <subfield code="2">ddc</subfield>
    <subfield code="4">0</subfield>
    <subfield code="6">B_649546458</subfield>
    <subfield code="7">1</subfield>
    <subfield code="a">CISF</subfield>
    <subfield code="b">CISF</subfield>
    <subfield code="d">2016-10-14</subfield>
    <subfield code="l">0</subfield>
    <subfield code="o">B6495-46458 </subfield>
    <subfield code="r">2016-10-14 00:00:00</subfield>
    <subfield code="w">2016-10-14</subfield>
    <subfield code="y">BK</subfield>
    <subfield code="z">Data import 15.10.2016 / by Epidotti, Vaglietti</subfield>
  </datafield>
</record>
